Name the artist by their most streamed song - Statistics

General Stats
  • This quiz has been taken 80 times
  • The average score is 18 of 40
Answer Stats
Song Artist % Correct
Shape of you Ed Sheeran
94%
Umbrella Rihanna
94%
Bad Guy Billie Eilish
85%
7 rings Ariana Grande
82%
Blinding Lights The Weeknd
77%
Baby one more time Britney Spears
75%
Anaconda Nicki Minaj
70%
Ni**as In Paris Kanye West
69%
Kill Bill SZA
68%
Anti-Hero Taylor Swift
68%
One dance Drake
66%
Sorry Justin Bieber
66%
Sunflower Post Malone
63%
Lose Yourself Eminem
61%
Señorita Shawn Mendes
58%
Beggin' Maneskin
49%
I like It Cardi B
48%
Kiss me more Doja Cat
48%
Wolves Selena Gomez
48%
Mask Off Future
46%
Goosebumps Travis Scott
46%
Sprinter Central Cee
38%
Escapism Raye
34%
Love Sosa Chief Keef
31%
Play Date Melanie Martinez
27%
Under the Influence Chris Brown
25%
Bank Account 21 Savage
24%
Creepin' Metro Boomin
24%
Location Dave
23%
Taki Taki Dj Snake
21%
Swim Chase Atlantic
20%
Tusa Karol G
18%
Un Verano Sin Ti Bad Bunny
17%
Drowning A boogie wit da hoodie
15%
Took Her To The O King Von
15%
Despechá Rosalía
14%
The color Violet Tory Lanez
14%
Self Care Mac Miller
11%
Todo de ti Rauw Alejandro
10%
Hawái Maluma
6%
No matching quizzes found
Score Distribution
Percent of People with Each Score
Percentile by Number Answered
Your Score History
You have not taken this quiz